Youth and drugs : (Record no. 2236)

MARC details
000 -LEADER
fixed length control field 01570cam a2200445 i 4500
001 - CONTROL NUMBER
control field 19226050
003 - CONTROL NUMBER IDENTIFIER
control field GBCCL
005 - DATE AND TIME OF LATEST TRANSACTION
control field 20241126110424.0
008 - FIXED-LENGTH DATA ELEMENTS--GENERAL INFORMATION
fixed length control field 160310s2016 ii b 000 0 eng d
010 ## -
-- 2016330734
020 ## - INTERNATIONAL STANDARD BOOK NUMBER
International Standard Book Number 9789351481416 (HB)
020 ## - INTERNATIONAL STANDARD BOOK NUMBER
International Standard Book Number 9351481417
020 ## - INTERNATIONAL STANDARD BOOK NUMBER
Canceled/invalid ISBN 9789351481423 (PB)
025 ## - OVERSEAS ACQUISITION NUMBER
Overseas acquisition number I-E-2016330734; 88-90
035 ## - SYSTEM CONTROL NUMBER
System control number (OCoLC)ocn953446892
035 ## - SYSTEM CONTROL NUMBER
System control number (OCoLC)953446892
037 ## - SOURCE OF ACQUISITION
Source of stock number/acquisition Library of Congress -- New Delhi Overseas Office
040 ## - CATALOGING SOURCE
Original cataloging agency DKAGE
Language of cataloging eng
Description conventions rda
Transcribing agency DKAGE
Modifying agency OCLCO
-- OCLCF
-- DLC
042 ## -
-- lccopycat
-- lcode
043 ## -
-- a-ii---
050 00 -
-- HV5824.Y68
-- M58 2016
082 04 - DEWEY DECIMAL CLASSIFICATION NUMBER
Classification number 362.290835
-- 362.2908350954
Edition information 23
Item number MIT
100 1# - MAIN ENTRY--PERSONAL NAME
Personal name Mithra, H. G.,
Relator term author.
9 (RLIN) 4606
245 10 - TITLE STATEMENT
Title Youth and drugs :
Remainder of title missional concern towards therapeutic care and counselling /
Statement of responsibility, etc. H.G. Mithra.
250 ## - EDITION STATEMENT
Edition statement First edition.
264 #1 - PRODUCTION, PUBLICATION, DISTRIBUTION, MANUFACTURE, AND COPYRIGHT NOTICE
Place of production, publication, distribution, manufacture New Delhi :
Name of producer, publisher, distributor, manufacturer Christian World Imprints,
Date of production, publication, distribution, manufacture, or copyright notice 2016.
300 ## - PHYSICAL DESCRIPTION
Extent xiv, 152 pages ;
Dimensions 23 cm.
336 ## - CONTENT TYPE
Content type term text
Content type code txt
Source rdacontent
337 ## - MEDIA TYPE
Media type term unmediated
Media type code n
Source rdamedia
338 ## - CARRIER TYPE
Carrier type term volume
Carrier type code nc
Source rdacarrier
490 1# - SERIES STATEMENT
Series statement Christian heritage rediscovered ;
Volume/sequential designation 40
504 ## - BIBLIOGRAPHY, ETC. NOTE
Bibliography, etc. note Includes bibliographical references (pages 141-152).
650 #0 - SUBJECT ADDED ENTRY--TOPICAL TERM
Topical term or geographic name entry element Youth
General subdivision Drug use
Geographic subdivision India.
9 (RLIN) 4607
650 #0 - SUBJECT ADDED ENTRY--TOPICAL TERM
Topical term or geographic name entry element Youth
General subdivision Drug use
-- Religious aspects
-- Christianity.
9 (RLIN) 4608
650 #0 - SUBJECT ADDED ENTRY--TOPICAL TERM
Topical term or geographic name entry element Church work with drug addicts
Geographic subdivision India.
9 (RLIN) 4609
830 #0 -
-- Christian heritage rediscovered ;
-- 40.
-- 4610
906 ## - LOCAL DATA ELEMENT F, LDF (RLIN)
a 7
b cbc
c copycat
d 3
e ncip
f 20
g y-gencatlg
942 ## - ADDED ENTRY ELEMENTS (KOHA)
Source of classification or shelving scheme Dewey Decimal Classification
Koha item type Books
Koha issues (borrowed), all copies 20
Holdings
Withdrawn status Lost status Source of classification or shelving scheme Damaged status Not for loan Home library Current Library Shelving location Date acquired Total checkouts Total renewals Full call number Barcode Date last seen Date last checked out Copy number Price effective from Koha item type
    Dewey Decimal Classification     GRACE BIBLE COLLEGE GRACE BIBLE COLLEGE General Studies 2017-07-18 20 1 362.290835 MIT 014037 2025-09-29 2025-09-24 c.1 2017-07-18 Books
    Dewey Decimal Classification     GRACE BIBLE COLLEGE GRACE BIBLE COLLEGE General Studies 2017-07-18 5   362.290835 MIT 014038 2023-01-25 2023-01-18 c.2 2017-07-18 Books
© Grace Bible College Library 2025